Kompendium fyziky : Vzorce zákony a pravidla. Úlohy, příklady a jejich řešení. Podrobná slovníková část

Saved in:
Bibliographic Details
Main Authors: Gascha, Heinz (Author), Pflanz, Stefan (Author)
Format: Book
Language:Czech
Published: Praha : Euromedia Group, 2008
Subjects:
Tags: Add Tag
No Tags, Be the first to tag this record!

MARC

LEADER 00000nam a22000003a 4500
001 stu196677
005 20150617230025.5
008 091204s2008----xr------------------cze-d
020 |a 978-80-242-2013-0 
040 |a STU  |b slo 
041 0 |a cze 
044 |a xr 
080 |a 53  |7 stu_us_auth*stu7966 
100 1 |a Gascha, Heinz  |4 aut 
245 1 |a Kompendium fyziky :  |b Vzorce zákony a pravidla. Úlohy, příklady a jejich řešení. Podrobná slovníková část 
260 |a Praha :  |b Euromedia Group,  |c 2008 
300 |a 488 s 
650 7 |a fyzika  |2 stusub 
700 1 |a Pflanz, Stefan  |4 aut 
996 |b 284EK88161  |c E*88161  |l EE01  |s A  |a 24  |w stu196677_0001